Análisis estadístico de las tendencias y proyecciones de profesores de enseñanza primaria y secundaria en el mundo: 1970-2000

Na minha lista:
Detalhes bibliográficos
Autor Corporativo: Organización de las Naciones Unidas
Formato: Texto
Publicado em: Ginebra: Naciones Unidas
Tags: Adicionar Tag
Sem tags, seja o primeiro a adicionar uma tag!

MARC

LEADER 00000 a a2200000 04500
001 25134
003
040 |a CRAI/IIS  |c CRAI/IIS 
090 |a 182200  
110 |a Organización de las Naciones Unidas  
245 |a Análisis estadístico de las tendencias y proyecciones de profesores de enseñanza primaria y secundaria en el mundo: 1970-2000  
260 |a Ginebra:   |b Naciones Unidas  
300 |a 47 p.  
999 |c 16916  |d 16916